Sports Quiz

Random Sports or Soccer Quiz

Premier League Managers Quiz Stats

 Plays Quiz Updated Jul 22, 2019

Score 0/20 Timer 08:00
1 Play Today
Team Manager % Correct
ArsenalUnai Emery
96.9%
Manchester UnitedOle Gunnar Solskjær
92.9%
LiverpoolJürgen Klopp
88.8%
Manchester CityPep Guardiola
87.5%
ChelseaFrank Lampard
86.8%
EvertonMarco Silva
81.8%
Tottenham HotspurMauricio Pochettino
81.8%
BournemouthEddie Howe
74.4%
West Ham UnitedManuel Pellegrini
73%
Leicester CityBrandan Rodgers
72.8%
Team Manager % Correct
Crystal PalaceRoy Hodgson
72.5%
Sheffield UnitedChris Wilder
71.5%
SouthamptonRalph Hasenhüttl
70.8%
BurnleySean Dyche
68.9%
Norwich CityDaniel Farke
65.2%
Brighton and Hove AlbionGraham Potter
53.6%
Wolverhampton WanderersNuno Espírito Santo
47.4%
Newcastle UnitedSteve Bruce
44.5%
WatfordJavi Gracia
40.3%
Aston VillaDean Smith
39.9%

You're not logged in!

Compare scores with friends on all Sporcle quizzes.
OR
Log In

Sporcle TV

Today on Sporcle TV


Watch our educational content, quiz creation guides, and fun videos on Sporcle TV.

Show Comments

Extras

Top Quizzes Today


Score Distribution

Your Account Isn't Verified!

In order to create a playlist on Sporcle, you need to verify the email address you used during registration. Go to your Sporcle Settings to finish the process.

Report this User

Report this user for behavior that violates our Community Guidelines.

Details: